000
00293nam a2200133Ia 4500
100
_a
Gupta/ A.
650
_a
Electrical Engineering
942
_c
BK
654
_a
Electrical
245
_a
Electrical solved papers
260
_b
New Heights
_a
New Delhi
_c
1977
546
_a
HINDI
999
_c
26875
_d
26875